000 00321nam a2200133Ia 4500
008 190216s9999||||xx |||||||||||||| ||und||
100 _a"Mathachan. M, Lazarus. Vt, Joseph. Pa"
245 0 _aCbse Physics
250 _a5th Ed.
260 _bVidyarthimithram
_c1998
300 _a430
650 _aPhysics
942 _cBK
999 _c33375
_d33375